[Event "Andalucia-ch Seniors"]
[Site "Huelva"]
[Date "2014.04.25"]
[Round "2.8"]
[White "Fernandez Aguilera, Antonio"]
[Black "Fernandez Baez, Jose"]
[Result "0-1"]
[WhiteElo "1712"]
[BlackElo "1838"]
[PlyCount "50"]
[EventDate "2014.04.24"]
[EventType "swiss"]
[EventRounds "6"]
[EventCountry "ESP"]
[SourceTitle "EXT 2024"]
[Source "ChessBase"]
[SourceDate "2023.10.10"]
[SourceVersion "1"]
[SourceVersionDate "2023.10.10"]
[SourceQuality "1"]

1. e4 e5 2. f4 d5 3. exd5 e4 4. c4 Bc5 5. Ne2 Nf6 6. h3 0-0 7. Nbc3 a6 8. b3 Bf5 9. g4 Nxd5 10. Qc2 Qh4+ 11. Kd1 Nxc3+ 12. Qxc3 Bxg4 13. Bb2 f6 14. b4 Bd6 15. Kc2 c5 16. a3 Nc6 17. bxc5 Bxc5 18. Ng3 Bf3 19. Be2 Bxh1 20. Nxh1 Bd4 21. Qb3 Bxb2 22. Qxb2 Qxf4 23. Rd1 e3 24. dxe3 Qxe3 25. Kb1 Ne5 0-1

[Event "Andalucia-ch Seniors"]
[Site "Almeria"]
[Date "2011.04.17"]
[Round "1.2"]
[White "Fernandez Baez, Jose"]
[Black "Montecatine Rios, Ricardo"]
[Result "0-1"]
[WhiteElo "1897"]
[BlackElo "2354"]
[PlyCount "56"]
[EventDate "2011.04.17"]
[EventType "swiss"]
[EventRounds "6"]
[EventCountry "ESP"]
[SourceTitle "EXT 2024"]
[Source "ChessBase"]
[SourceDate "2023.10.10"]
[SourceVersion "1"]
[SourceVersionDate "2023.10.10"]
[SourceQuality "1"]

1. d4 Nf6 2. c4 c5 3. d5 b5 4. cxb5 a6 5. bxa6 Bxa6 6. Nc3 g6 7. Nf3 Bg7 8. h3 0-0 9. e4 Bxf1 10. Kxf1 d6 11. Kg1 Nbd7 12. Kh2 Qb6 13. Rb1 Rfb8 14. Be3 Ne8 15. Qc2 Nc7 16. b4 Qa6 17. bxc5 dxc5 18. Rxb8+ Rxb8 19. Rc1 Rb4 20. Nd1 Qd6+ 21. g3 Na6 22. a3 Rb7 23. Qc4 Rb6 24. Nc3 Qf6 25. Kg2 Qxf3+ 26. Kg1 Bxc3 27. Rxc3 Qd1+ 28. Kg2 Ne5 0-1